| 000 | 00420nam a22001697a 4500 | ||
|---|---|---|---|
| 999 |
_c6242 _d6242 |
||
| 003 | GBCCL | ||
| 005 | 20241126110559.0 | ||
| 008 | 180504b ||||| |||| 00| 0 eng d | ||
| 040 | _cgbc | ||
| 082 |
_a248.32 _bTOR |
||
| 100 |
_aTorrey, R. A. _d1856 - 1928 _911198 |
||
| 245 |
_aHow to pray / _cR. A. Torrey |
||
| 260 |
_bMoody Press _aChicago: |
||
| 300 |
_a123 p.; _c17 cm. |
||
| 650 |
_aPrayer _9332 |
||
| 942 |
_2ddc _cBK _02 |
||